| Поле | Инд. | ПП | Название | Значение |
|---|---|---|---|---|
| Тип записи | a | |||
| Библиографический уровень | m | |||
| 001 | Контрольный номер | 54b963fd-0eaf-4eea-82f3-dc31a30ae004 | ||
| 005 | Дата корректировки | 20160727113347.0 | ||
| 008 | Кодируемые данные | 990810 d | ||
| 020 | a | ISBN | 5-211-03371-Х | |
| c | Цена, тираж | 9 500-00 | ||
| 080 | a | Индекс УДК | 536.758(075.8) | |
| 084 | a | Индекс другой классификации/Индекс ББК | В317.2я731-1 | |
| 090 | c | Каталожный индекс | В317.2я731-1 | |
| x | Авторский знак | Б 17 | ||
| a | Полочн. индекс | В317.2 | ||
| 100 | 1_ | a | Автор | Базаров Иван Павлович |
| q | Полное имя | Базаров И. П. | ||
| 245 | 10 | a | Заглавие | Новые методы в теории систем многих частиц |
| b | Продолж. заглавия | учебное пособие для студентов вузов, обучающихся по специальности "Физика" | ||
| 260 | 0_ | a | Место издания | Москва |
| b | Издательство | Изд-во Моск. ун-та | ||
| c | Дата издания | 1995 | ||
| 300 | a | Объем | 110, [1] с. | |
| b | Иллюстрации/ тип воспроизводства | ил | ||
| 504 | a | Библиография | Библиогр.: с. 105-111 | |
| 583 | a | Действие | Приписка 444 04.08.99 | |
| k | Исполнитель действия | ООО " Цимелиа " | ||
| 650 | 04 | a | Основная рубрика | Статистическая физика |
| x | Основная подрубрика | Учебники для вузов | ||
| 653 | 0_ | a | Ключевые слова | Статистическая физика |
| a | Ключевые слова | Учебники | ||
| 700 | 1_ | a | Другие авторы | Николаев П. Н. |
| 852 | 41 | p | Инвентарный номер | 667915, 667916, 667917, 667918, 667919, 667920 |
| 852 | 41 | t | Порядковый номер экземпляра | 3 |
| p | Инвентарный номер | 713241 10.00 | ||
| p | Инвентарный номер | 713242 10.00 | ||
| p | Инвентарный номер | 713243 10.00 | ||
| 888 | a | За счет средств университета | ||
| 901 | t | Тип документа | m | |
| 920 | a | Оператор | Петр | |
| 930 | a | Новая/Ретро | Учебники | |
| 952 | p | 444.99 10.00 1 713241 | ||
| p | 444.99 10.00 1 713242 | |||
| p | 444.99 10.00 1 713243 | |||
| c | Вид литературы | К ру | ||
| 954 | a | Дата поступления на обработку | 29.02.96 | |
| 999 | a | Подразделение 2 | Фил3 | |
| a | Подразделение 2 | Фил3 |